[Event "Olympiad-23"]
[Site "Buenos Aires"]
[Date "1978.11.08"]
[Round "13"]
[White "Portisch, Lajos"]
[Black "Dzindzichashvili, Roman"]
[Result "1-0"]
[WhiteElo "2630"]
[BlackElo "2550"]
[Annotator "Cvetkovic,Srdjan"]
[PlyCount "52"]
[EventDate "1978.10.25"]
[EventType "team-swiss"]
[EventRounds "14"]
[EventCountry "ARG"]
[SourceTitle "EXT 2000"]
[Source "ChessBase"]
[SourceDate "1999.11.16"]
[SourceVersion "1"]
[SourceVersionDate "1999.11.16"]
[SourceQuality "1"]
[WhiteTeam "Hungary"]
[BlackTeam "Israel"]
[WhiteTeamCountry "HUN"]
[BlackTeamCountry "ISR"]

{Inf.26/4} 1. Nf3 b6 2. g3 Bb7 3. Bg2 e5 4. d3 g6 5. e4 ({RR} 5. O-O Bg7 6. e4 Ne7 7. Nc3 O-O {½-½ (7) Hausrath,D (2519)-Van der Weide,K (2481) Dortmund 2009}) ({RR} 5. O-O Bg7 6. c4 Ne7 7. Nc3 O-O 8. Rb1 d5 9. cxd5 Nxd5 10. Bd2 c5 11. Qa4 Nb4 12. a3 Bc6 13. Qb3 N4a6 14. Qc2 Nc7 15. b4 Ne6 16. Rfc1 Nd7 17. Ng5 Nd4 18. Qd1 Bxg2 19. Kxg2 h6 {Recuero Guerra,J (2146)-Dovzik,J (2235) chess.com INT 2024 0-1 (36)}) 5... Bg7 6. h4 $146 ({RR} 6. Nc3 Ne7 7. Be3 c5 8. Qd2 h6 9. h4 Nbc6 10. Nh2 Nd4 11. f4 d6 12. O-O-O Qd7 13. fxe5 dxe5 14. Rdf1 h5 15. Nf3 f6 16. Bh3 Qc6 17. Qf2 Nxf3 18. Qxf3 Bc8 19. g4 hxg4 20. Bxg4 Bxg4 {Wunder,H (2115)-Hegmann,H (2011) Bayern 2005 1-0 (31)}) ({RR} 6. Bg5 Ne7 7. Nc3 h6 8. Be3 O-O 9. Qd2 Kh7 10. d4 d6 11. h4 exd4 12. Bxd4 f5 13. Bxg7 Kxg7 14. Nd4 Rf6 15. e5 Bxg2 16. exf6+ Kxf6 17. Rh2 c5 18. Rxg2 cxd4 19. Qxd4+ Kf7 20. O-O-O Nbc6 {Grimm,S (2340)-Bordas,G (2186) Budapest 2000 1-0 (31)}) 6... h5 7. c4 Ne7 8. Nc3 c5 9. a3 Nbc6 10. Rb1 $14 { ץb7} Nd4 11. Nxd4 cxd4 12. Nd5 Nxd5 13. exd5 $1 d6 14. O-O O-O 15. b4 Bc8 16. a4 Bg4 17. Qc2 Qd7 18. Kh2 $16 {[× g4]} f5 $2 19. f3 f4 20. fxg4 fxg3+ 21. Kg1 Rxf1+ (21... Qxg4 22. Bg5 $16) 22. Bxf1 Rf8 23. Qg2 Qxg4 24. Bg5 Rf2 25. Qe4 Qd7 26. Qxg6 $1 Qxa4 (26... Qxa4 27. Bh6) 1-0

[Event "Clarin"]
[Site "Buenos Aires"]
[Date "1978.??.??"]
[Round "12"]
[White "Panno, Oscar"]
[Black "Dzindzichashvili, Roman"]
[Result "1-0"]
[WhiteElo "2580"]
[BlackElo "2550"]
[PlyCount "79"]
[EventDate "1978.11.??"]
[EventType "tourn"]
[EventRounds "13"]
[EventCountry "ARG"]
[EventCategory "11"]
[SourceTitle "MCD"]
[Source "ChessBase"]
[SourceDate "1999.07.01"]
[SourceVersion "1"]
[SourceVersionDate "1999.07.01"]
[SourceQuality "1"]

1. Nf3 Nf6 2. g3 g6 3. b3 Bg7 4. Bb2 d6 5. Bg2 e5 6. O-O e4 ({RR} 6... O-O 7. d4 e4 8. Nfd2 e3 9. fxe3 Ng4 10. e4 Ne3 11. Qc1 Nxf1 12. Qxf1 c5 13. e3 Nc6 14. Nf3 Bg4 15. Nbd2 Nb4 16. Qc1 Rc8 17. a3 cxd4 18. axb4 dxe3 19. Nc4 Bxb2 20. Qxb2 d5 21. Nxe3 {Deveci,H (2267)-Novik,M (2409) chess.com INT 2024 1-0}) 7. Ne1 O-O 8. c4 Re8 9. d3 $146 ({RR} 9. Nc2 d5 10. cxd5 Qxd5 11. Ne3 Qh5 12. Bxf6 Bxf6 13. Nc3 Bxc3 14. dxc3 Nc6 15. Qc2 Qe5 16. Rad1 f5 17. Rd5 Qe7 18. Rfd1 Be6 19. R5d2 a5 20. Nd5 Bxd5 21. Rxd5 Ne5 22. Qd2 c6 23. Rd4 Qc5 {Giri,A (2754)-Vakhidov,J (2599) Samarkand UZB 2023 0-1 (69)}) ({RR} 9. Nc2 d5 10. cxd5 Qxd5 11. Ne3 Qh5 12. Bxf6 Bxf6 13. Nc3 Bxc3 14. dxc3 Nc6 15. Qc2 Qe5 16. Rad1 f5 17. Rd5 Qe7 18. Rfd1 Be6 19. R5d2 a5 20. Nd5 Bxd5 21. Rxd5 Ne5 22. Qd2 c6 23. Rd4 Qc5 {Giri,A (2754)-Vakhidov,J (2599) Samarkand UZB 2023 0-1 (69)}) 9... e3 10. f3 d5 11. Nc2 c5 12. cxd5 Nxd5 13. Bxg7 Kxg7 14. d4 Nb4 15. Nxb4 cxb4 16. a3 Be6 17. f4 Nc6 18. d5 Qf6 19. Ra2 Rad8 20. f5 Bxd5 21. Bxd5 Qe5 22. fxg6 Rxd5 23. Qe1 hxg6 24. axb4 Red8 25. Qc3 Nd4 26. Qb2 Rc8 27. Na3 b5 28. Rf4 g5 29. Rf1 f5 30. Qb1 Rd6 31. Qa1 Kg6 32. Qb1 Rdc6 33. Qa1 Rc3 34. Rd1 Nxb3 35. Qb1 Nd2 36. Qa1 f4 37. Nb1 Nxb1 38. Qxb1+ Kf6 39. Ra6+ R8c6 40. Rxa7 1-0

[Event "Halle DSV International-03"]
[Site "Halle/Saale"]
[Date "1978.11.19"]
[Round "13"]
[White "Hort, Vlastimil"]
[Black "Knaak, Rainer"]
[Result "1-0"]
[WhiteElo "2620"]
[BlackElo "2520"]
[Annotator "Knaak,Rainer"]
[PlyCount "75"]
[EventDate "1978.11.06"]
[EventType "tourn"]
[EventRounds "13"]
[EventCountry "DDR"]
[EventCategory "11"]
[SourceTitle "EXT 2000"]
[Source "ChessBase"]
[SourceDate "1999.11.16"]
[SourceVersion "1"]
[SourceVersionDate "1999.11.16"]
[SourceQuality "1"]

{[%mdl 2] 26/9 Vor dieser letzten Runde führte ich mit einem glatten Punkt Vorsprung vor Uhlmann und Farago. Auf Remis zu spielen konnte ich damals nicht besonders gut. Hort hatte wegen eines Todesfalles einige Partien vorge"spielt" und war nach Prag gefahren. Zur letzten Runde sollte er zurück sein, aber die Spekulationen blühten, ob er überhaupt kommen würde. Für mich waren das keine günstigen Voraussetzungen, würde ich mal als Amateurpsychologe und aus heutiger Sicht sagen.} 1. e4 c5 2. Nf3 e6 3. d3 Nc6 4. g3 g6 5. Bg2 Bg7 6. O-O Nge7 7. c3 e5 8. a3 a5 $6 9. a4 O-O 10. Na3 d6 11. Nb5 h6 $8 12. Nd2 Be6 13. Nc4 Nc8 ({RR} 13... d5 14. exd5 Nxd5 15. Re1 Rb8 16. h4 b6 17. Qe2 Qd7 18. Bd2 Rbd8 19. Nbd6 Nde7 20. Rad1 Bg4 21. Bf3 Bxf3 22. Qxf3 f5 23. Bc1 Kh7 24. Qg2 Qe6 25. Nb5 Nd5 26. f4 e4 27. dxe4 Nxc3 28. Rxd8 {Ilamparthi,A (2458)-Carlsen,M (2832) chess.com INT 2024 0-1 (49)}) 14. b3 $146 (14. f4 $5) ({RR} 14. f4 exf4 15. gxf4 d5 16. exd5 Bxd5 17. Bxd5 Qxd5 18. Nc7 Qd8 19. Nxa8 N6e7 20. Be3 b6 21. Qf3 Nd5 22. f5 gxf5 23. Qg3 Kh7 24. Bf4 Nce7 25. Nc7 Be5 26. Bxe5 Rg8 27. Qxg8+ Qxg8+ 28. Kh1 Nxc7 {Rincon Gonzalez,L (1878)-Chumpitaz Carbajal,A (2213) Cali 2011 ½-½ (40)}) ({RR} 14. f4 f5 15. fxe5 dxe5 16. Be3 Qe7 17. Qd2 Rd8 18. Qe2 Kh7 19. Rad1 N6a7 20. exf5 gxf5 21. Qf2 Nxb5 22. axb5 e4 23. Bxc5 Qd7 24. Ne3 exd3 25. Nxf5 Bxf5 26. Qxf5+ Qxf5 27. Rxf5 Nd6 28. Rd5 Nxb5 {Braun,C (2369)-Elgersma,S (2147) Netherlands 2018 1-0 (37)}) 14... N6a7 $1 15. Nba3 Nc6 16. Qc2 (16. Nc2 N6a7) 16... d5 $13 17. exd5 Bxd5 18. Bxd5 Qxd5 19. Nb5 Qd7 20. f4 $1 $14 Kh7 $6 (20... exf4 21. Bxf4 $14) 21. Ba3 $1 exf4 22. Rxf4 (22. Bxc5 fxg3 23. Bxf8 gxh2+ $13) 22... Nb4 $1 23. Qd2 $1 {#} b6 $2 (23... Nd5 $142 $1 24. Rh4 $1 $14) 24. d4 $1 $18 Na6 25. Rd1 f5 26. dxc5 Qxd2 27. Rxd2 bxc5 28. Nxa5 $18 Rf7 29. Nc4 Nc7 30. Rf3 $1 Nxb5 31. axb5 Bf8 32. Rd8 Kg7 33. Rfd3 Kf6 34. R3d5 Be7 35. Re8 Rf8 36. Rxf8+ Bxf8 37. Bxc5 Bxc5+ 38. Rxc5 {Uhlmann und Farago gewannen ihre Partien, und nach Wertung (wer hat die bloß erfunden) war ich plötzlich Dritter.} 1-0

[Event "Vidmar Memorial 05th"]
[Site "Bled/Portoroz"]
[Date "1979.06.06"]
[Round "4"]
[White "Ivkov, Borislav"]
[Black "Sahovic, Dragutin"]
[Result "1-0"]
[WhiteElo "2525"]
[BlackElo "2520"]
[PlyCount "57"]
[EventDate "1979.06.02"]
[EventType "tourn"]
[EventRounds "15"]
[EventCountry "SLO"]
[EventCategory "12"]
[SourceTitle "MCL"]
[Source "ChessBase"]
[SourceDate "1999.07.01"]
[SourceVersion "1"]
[SourceVersionDate "1999.07.01"]
[SourceQuality "1"]

1. Nf3 b5 2. e3 a6 3. b3 Nf6 4. Bb2 e6 5. c4 bxc4 6. bxc4 c5 7. Be2 Nc6 8. Nc3 Rb8 9. Rb1 Be7 $146 ({RR} 9... d5 10. cxd5 exd5 11. Ba1 Rxb1 12. Qxb1 Be7 13. O-O O-O 14. Rc1 Qa5 15. Qb3 c4 16. Qa4 Qxa4 17. Nxa4 Bf5 18. Nd4 Nxd4 19. Bxd4 Ba3 20. Bb2 Bxb2 21. Nxb2 Rb8 22. Nd1 Ne4 23. d3 Nd6 24. dxc4 {Hungaski,R (2482)-Gareyev,T (2600) Orlando 2019 ½-½ (50)}) 10. O-O O-O 11. Qa4 Qc7 12. Ba1 Rb4 13. Qc2 d6 14. d4 Bd7 15. d5 Rxb1 16. Rxb1 Nb4 17. Qd2 exd5 18. cxd5 Bf5 19. Rc1 Qa5 20. Bc4 Nd7 21. e4 Nb6 22. Bf1 Bg6 23. Bb2 c4 24. Nb1 Qa4 25. Qd4 Bf6 26. e5 dxe5 27. Qxb6 Nxd5 28. Qb7 Qxa2 29. Bxc4 1-0

[Event "Buenos Aires Konex International"]
[Site "Buenos Aires"]
[Date "1979.07.22"]
[Round "8"]
[White "Quinteros, Miguel Angel"]
[Black "Miles, Anthony John"]
[Result "1-0"]
[WhiteElo "2545"]
[BlackElo "2560"]
[PlyCount "77"]
[EventDate "1979.07.12"]
[EventType "tourn"]
[EventRounds "13"]
[EventCountry "ARG"]
[EventCategory "10"]
[SourceTitle "MCL"]
[Source "ChessBase"]
[SourceDate "1999.07.01"]
[SourceVersion "1"]
[SourceVersionDate "1999.07.01"]
[SourceQuality "1"]

1. Nf3 Nf6 2. g3 b5 3. Na3 a6 4. c4 c6 ({RR} 4... e6 5. b3 Bb7 6. Bg2 bxc4 7. Nxc4 Be7 8. O-O O-O 9. Bb2 a5 10. Rc1 a4 11. d3 axb3 12. Qxb3 Bc6 13. e4 Ba4 14. Qc3 Nc6 15. Nfe5 Nb4 16. Qd2 Nxa2 17. Ra1 Nb4 18. f4 Bb5 19. Rxa8 {Andreikin,D (2729)-Carlsen,M (2832) chess.com INT 2024 0-1}) ({RR} 4... b4 5. Nc2 e6 6. Bg2 Bb7 7. d4 Be7 8. O-O O-O 9. b3 a5 10. a4 d6 11. Bb2 Nbd7 12. Nd2 Bxg2 13. Kxg2 d5 14. Ne3 c6 15. Rc1 Qb6 16. cxd5 cxd5 17. Qc2 Qa6 18. Qd3 Qxd3 19. exd3 {Kuipers,D (2100)-Stillger,B (2284) Schwaebisch Gmuend GER 2024 ½-½}) 5. Bg2 d5 6. b3 Nbd7 $146 ({RR} 6... Bg4 7. O-O Bxf3 8. exf3 Nbd7 9. d4 g6 10. Nc2 e6 11. c5 Bg7 12. Nb4 Qc8 13. Be3 O-O 14. Qd2 e5 15. dxe5 Nxe5 16. Bd4 Ned7 17. Bh3 a5 18. Nd3 Qb7 19. Rae1 Rfe8 20. Qb2 Nh5 21. f4 {Vantika,A (2279)-Nakhbayeva,G (2323) Mumbai 2018 0-1 (46)}) ({RR} 6... e6 7. O-O Bd6 8. d4 O-O 9. Nc2 Nbd7 10. a4 bxc4 11. bxc4 a5 12. Nce1 dxc4 13. Nd2 Ba6 14. Bxc6 Rc8 15. Bb5 Bxb5 16. axb5 Qb6 17. Qa4 Bb4 18. Nc2 Nd5 19. Nb1 e5 20. Ba3 exd4 21. Bxb4 {Maletin,P (2567)-Zablotsky,S (2498) Krasnoyarsk 2007 ½-½}) 7. O-O e5 8. cxd5 cxd5 9. d4 e4 10. Ne5 Bd6 11. f4 O-O 12. Nc2 Qb6 13. Kh1 Bb7 14. Bh3 Rfd8 15. g4 Nf8 16. g5 Ne8 17. Ne3 Ne6 18. Nf5 Bf8 19. Be3 Rac8 20. Qd2 a5 21. a3 b4 22. Rg1 Rc7 23. a4 Rdc8 24. Qe1 g6 25. Ng4 Rc3 26. Qh4 R8c7 27. Raf1 Bc8 28. Nfh6+ Bxh6 29. Nxh6+ Kh8 30. Rg3 N8g7 31. f5 Nd8 32. Bf4 Rxg3 33. Bxg3 Rc2 34. fxg6 Qxg6 35. Bxc8 Rxc8 36. Be5 e3 37. Qg4 Rc2 38. Qd7 Nde6 39. Qe8+ 1-0

[Event "Interpolis-03"]
[Site "Tilburg"]
[Date "1979.11.14"]
[Round "10"]
[White "Smyslov, Vassily V"]
[Black "Larsen, Bent"]
[Result "1-0"]
[WhiteElo "2560"]
[BlackElo "2620"]
[Annotator "Smyslov,Vassily"]
[PlyCount "89"]
[EventDate "1979.11.01"]
[EventType "tourn"]
[EventRounds "11"]
[EventCountry "NED"]
[EventCategory "15"]
[SourceTitle "MCL"]
[Source "ChessBase"]
[SourceDate "1999.07.01"]
[SourceVersion "1"]
[SourceVersionDate "1999.07.01"]
[SourceQuality "1"]

1. Nf3 Nf6 2. g3 b5 3. Bg2 Bb7 4. O-O e6 5. d3 d5 (5... c5 6. e4 d6 7. Re1 Be7 8. a4 b4 9. Nbd2 O-O 10. Nc4 Nbd7 11. Bf4 Ne8 12. a5 Rb8 {Kirov-Suetin/Socchi/1979}) 6. c4 $1 dxc4 (6... a6 $142) 7. dxc4 Qxd1 8. Rxd1 b4 (8... bxc4 9. Ne5 $16 {}) 9. Bf4 ({RR} 9. a3 a5 10. Bf4 Na6 11. axb4 Bxb4 12. Ne5 Bxg2 13. Kxg2 O-O 14. Nc6 Rfc8 15. Nc3 h6 16. Nb5 g5 17. Bd2 Kg7 18. Nxa5 Bxd2 19. Rxd2 Nc5 20. b4 Rxa5 21. bxa5 Nb3 22. Rda2 Nxa1 23. Rxa1 Ne4 {Povshednyi,I (2291)-Purtseladze,M (2261) chess.com INT 2025 1-0}) 9... c5 10. Ne5 $146 ({RR} 10. a3 a5 11. axb4 cxb4 12. Bxb8 Rxb8 13. Rxa5 Be7 14. Ne5 Bxg2 15. Kxg2 Rc8 16. Nd2 O-O 17. Nb3 Rc7 18. c5 Rfc8 19. Rd4 g6 20. Rc4 Kg7 21. Rb5 Ra8 22. Rbxb4 Ra2 23. Nd3 Nd5 24. Ra4 Rxa4 {Artemiev,V (2701)-Kleiman,J (2399) chess.com INT 2023 1-0}) ({RR} 10. Bxb8 Rxb8 11. a3 b3 12. Nbd2 g6 13. Ne5 Bg7 14. Bc6+ Bxc6 15. Nxc6 Rb7 16. Na5 Rc7 17. Ndxb3 Nd7 18. Rab1 Nb6 19. Nc1 O-O 20. Nd3 Na4 21. Rdc1 Rd8 22. Kf1 Rd6 23. b4 Ra6 24. Rc2 Bf8 {Kozak,A (2516)-Miesbauer,J (2427) Czech Republic CZE 2023 1-0 (40)}) 10... Bxg2 11. Kxg2 Be7 12. Nd2 O-O 13. Nb3 Rc8 (13... a5 14. a4 Rc8 15. Rd3 Ne8 16. Rad1 f6 17. Nd7 $16) 14. Na5 {} Ne8 (14... Bd8 15. Nb7 Be7 16. Nd6 Bxd6 17. Rxd6 Ne8 18. Rdd1 f6 19. Nd3 {a3} a5 (19... e5 20. Be3 Na6 21. b3 {22.a3}) 20. Nxc5 Rxc5 21. Rd8 $18 Kf7 (21... e5 22. Be3) 22. Bxb8 Rxc4 23. Rad1 {24.Td7}) 15. a3 f6 16. Nd3 Kf7 17. axb4 cxb4 18. Ra4 Nd7 (18... Nc6 19. b3 Nd4 20. Kf1 e5 21. Bd2 {b4}) 19. b3 g5 (19... e5 $142 20. Bd2 Rab8 21. Nxb4 $1 Nc5 (21... Nb6 22. Ra2 Bxb4 23. Bxb4 Nxc4 24. Nxc4 Rxb4 25. Rxa7+ Kg6 26. Na5) 22. Ra2 Nxb3 23. Nxb3 Bxb4 24. Bxb4 Rxb4 25. Rxa7+ Kg6 26. Na5 $16) 20. Bd2 Rab8 21. Bxb4 Bxb4 22. Rxb4 Rb6 23. Ra4 $18 e5 24. b4 e4 25. c5 $1 (25. Nc1 $143 Rd6 26. Rxd6 Nxd6 27. c5 Nb5) 25... Rb5 (25... exd3 26. cxb6 dxe2 (26... axb6 27. Nb3 dxe2 28. Rxd7+ Ke6 29. Raa7 Nc7 30. Rdxc7 Rxc7 31. Ra1) 27. Rxd7+ Ke6 28. b7 Rb8 29. Nc6 $18 Kxd7 30. Nxb8+) 26. Nc1 (26. Nb2 $2 Nxc5) 26... Ne5 27. Na2 $1 f5 28. Nc3 Rbb8 29. Rd5 Kf6 30. Nb3 Nc7 31. Rd6+ Kf7 32. Nd4 e3 33. Nxf5 exf2 34. Kxf2 a6 35. Ne4 Re8 36. Nxg5+ Kg8 37. e4 a5 38. Rxa5 Rxb4 (38... Nc4 39. Rd7) 39. Ra2 (39. Ra7 $1) 39... Rc4 40. Nh6+ Kg7 41. Ra7 Rc2+ 42. Kf1 Rxc5 (42... Rc8 43. Rxc7+ Rxc7 44. Nf5+ Kh8 45. Rd8#) (42... Rc1+ 43. Kg2 Rc2+ 44. Kh3) (42... Rf8+ 43. Nf5+) 43. Ne6+ Rxe6 44. Rxe6 Nf7 45. Re7 1-0

[Event "Las Palmas-09"]
[Site "Las Palmas"]
[Date "1980.06.19"]
[Round "9"]
[White "Miles, Anthony John"]
[Black "Andersson, Ulf"]
[Result "1-0"]
[WhiteElo "2545"]
[BlackElo "2590"]
[PlyCount "67"]
[EventDate "1980.06.09"]
[EventType "tourn"]
[EventRounds "11"]
[EventCountry "ESP"]
[EventCategory "9"]
[SourceTitle "EXT 2022"]
[Source "ChessBase"]
[SourceDate "2021.10.06"]
[SourceVersion "1"]
[SourceVersionDate "2021.10.06"]
[SourceQuality "1"]

1. g3 c5 2. Bg2 Nc6 3. Nf3 g6 4. c3 Bg7 5. d4 cxd4 6. cxd4 d5 7. Nc3 e6 8. Bf4 Nge7 9. Qd2 O-O 10. Bh6 Bxh6 11. Qxh6 Nf5 12. Qd2 b6 13. Rd1 $146 ({RR} 13. h4 f6 {½-½ (13) Kirov,N (2455)-Szekely,P (2430) Pernik 1984}) 13... Ba6 14. h4 Na5 15. g4 Nd6 16. h5 Qf6 17. hxg6 fxg6 18. Qh6 Rf7 19. g5 Qg7 20. Ne5 Qxh6 21. Rxh6 Rff8 22. Nd7 Rf7 23. Nf6+ Kh8 24. Bh3 Bc8 25. Kd2 Rg7 26. f4 Rb8 27. Rh1 Nac4+ 28. Kd3 Rbb7 29. b3 Na3 30. e4 dxe4+ 31. Ncxe4 Nxe4 32. Kxe4 Nb5 33. Ke5 Rbe7 34. Bf1 1-0

[Event "Rubinstein Memorial-18"]
[Site "Polanica Zdroj"]
[Date "1980.08.20"]
[Round "12"]
[White "Romanishin, Oleg M"]
[Black "Vogt, Lothar"]
[Result "1-0"]
[WhiteElo "2580"]
[BlackElo "2510"]
[PlyCount "63"]
[EventDate "1980.08.06"]
[EventType "tourn"]
[EventRounds "13"]
[EventCountry "POL"]
[EventCategory "8"]
[SourceTitle "MCD"]
[Source "ChessBase"]
[SourceDate "1999.07.01"]
[SourceVersion "1"]
[SourceVersionDate "1999.07.01"]
[SourceQuality "1"]

1. Nf3 c5 2. g3 b6 3. Bg2 Bb7 4. O-O Nf6 5. d3 e6 6. e4 d6 7. Re1 Be7 8. Nc3 O-O 9. b3 Nbd7 10. Bb2 a6 11. a4 Qc7 12. h3 $146 ({RR} 12. d4 Rfd8 13. d5 Nf8 14. dxe6 fxe6 15. Qe2 Ne8 16. Rad1 Bf6 17. e5 dxe5 18. Ne4 c4 19. bxc4 Rxd1 20. Rxd1 Rc8 21. Nfd2 Bxe4 22. Bxe4 Nd6 23. Ba3 Nxc4 24. Bxf8 Nxd2 25. Rxd2 Rxf8 26. Qxa6 Bg5 {Aleksic,N (2369)-Foglia,M (2108) Marche Estate 2003 1-0 (33)}) 12... Rfd8 13. Qe2 Rac8 14. Nd1 Ne8 15. Ne3 Bf6 16. c3 g6 17. Nd2 Bg7 18. d4 Nef6 19. Rab1 cxd4 20. cxd4 Qb8 21. Red1 Qa8 22. Nec4 Bf8 23. d5 e5 24. Qe3 b5 25. Na5 Nc5 26. Bf1 Qb8 27. Ba1 Qc7 28. axb5 Qxa5 29. b4 Qa4 30. bxc5 Rxc5 31. Qb3 Qa5 32. Qf3 1-0

[Event "Chigorin Memorial-14"]
[Site "Sochi"]
[Date "1980.09.04"]
[Round "1"]
[White "Vaganian, Rafael A"]
[Black "Sveshnikov, Evgeny"]
[Result "1-0"]
[WhiteElo "2590"]
[BlackElo "2570"]
[PlyCount "69"]
[EventDate "1980.09.04"]
[EventType "tourn"]
[EventRounds "15"]
[EventCountry "URS"]
[EventCategory "11"]
[SourceTitle "MCD"]
[Source "ChessBase"]
[SourceDate "1999.07.01"]
[SourceVersion "1"]
[SourceVersionDate "1999.07.01"]
[SourceQuality "1"]

1. Nf3 d5 2. g3 Nf6 3. Bg2 c6 4. O-O Bf5 5. d3 e6 6. Nbd2 Be7 7. Qe1 h6 8. e4 Bh7 9. Ne5 Nbd7 10. Nxd7 Nxd7 11. f4 O-O ({RR} 11... dxe4 12. dxe4 O-O 13. Kh1 Nc5 14. Qe2 a5 15. Nc4 b5 16. Ne5 Qc7 17. Nd3 Nxd3 18. cxd3 c5 19. Be3 Rac8 20. Rac1 Qd7 21. Rc2 Rfd8 22. Rd2 Bf6 23. Rc1 Bd4 24. h4 Bxe3 25. Qxe3 Qd4 26. Qxd4 {Vaganian,R (2615)-Karpov,A (2725) Moscow 1993 ½-½}) ({RR} 11... Qb6+ 12. Kh1 d4 13. a4 Rc8 14. a5 Qc7 15. Qe2 O-O 16. e5 b5 17. g4 c5 18. b3 c4 19. bxc4 Bb4 20. Bb2 Bxa5 21. Bxd4 Bxd2 22. Rxa7 Qd8 23. Qxd2 bxc4 24. f5 exf5 25. gxf5 Nc5 26. dxc4 {Valdes Romero,L (2404)-Chen,M (1997) Chess.com INT 2022 1-0 (42)}) 12. Kh1 a5 ({RR} 12... dxe4 13. dxe4 Qc7 14. g4 Rad8 15. h4 Nc5 16. Nb3 f5 17. Nxc5 Bxc5 18. g5 hxg5 19. hxg5 fxe4 20. Bxe4 Bxe4+ 21. Qxe4 Qf7 22. Kg2 Qf5 23. Qxf5 Rxf5 24. b4 Bd4 25. Rd1 Rfd5 26. Rb1 e5 27. c4 {Vaganian,R (2546)-Lazavik,D (2235) Moscow 2018 ½-½ (37)}) 13. g4 a4 14. f5 $146 ({RR} 14. a3 Bh4 15. Qe2 dxe4 16. dxe4 Nc5 17. Nc4 b5 18. Ne5 Qc7 19. g5 Bxg5 20. fxg5 Qxe5 21. Bf4 Qxb2 22. Bd6 Qc3 23. gxh6 Rfd8 24. Rad1 Bg6 25. hxg7 Kxg7 26. e5 Kh6 27. Qf2 Ne4 28. Qh4+ Kg7 {Vaganian,R (2615)-Comp Centaur The Hague 1996 1-0 (33)}) ({RR} 14. a3 Kh8 15. f5 exf5 16. gxf5 dxe4 17. Nxe4 Nf6 18. Bd2 Nxe4 19. Bxe4 Bf6 20. Bc3 Re8 21. Qg3 Bxc3 22. bxc3 f6 23. Rab1 Re7 24. Rb4 Bg8 25. c4 Qd4 26. Rfb1 Ra7 27. Qg1 Rxe4 28. dxe4 Qxe4+ {Vaganian,R (2601)-Riazantsev,A (2593) Calatrava 2006 ½-½ (76)}) 14... a3 15. b3 Re8 16. Rb1 exf5 17. gxf5 Qa5 18. exd5 cxd5 19. Qg3 Bb4 20. Nf3 Kh8 21. f6 Nxf6 22. Bxh6 Nh5 23. Qg4 Ra6 24. Ng5 Bg6 25. Nxf7+ Bxf7 26. Bxg7+ Nxg7 27. Rxf7 Bf8 28. Rbf1 Qc5 29. b4 Qd6 30. Rxg7 Bxg7 31. Qh5+ Qh6 32. Qxe8+ Kh7 33. Bxd5 Qh3 34. Be4+ Kh6 35. Rg1 1-0

[Event "URS-ch48 First League"]
[Site "Tashkent"]
[Date "1980.10.??"]
[Round "?"]
[White "Rashkovsky, Nukhim N"]
[Black "Tukmakov, Vladimir B"]
[Result "1-0"]
[WhiteElo "2520"]
[BlackElo "2560"]
[PlyCount "103"]
[EventDate "1980.10.02"]
[EventType "tourn"]
[EventRounds "17"]
[EventCountry "URS"]
[EventCategory "10"]
[SourceTitle "MCL"]
[Source "ChessBase"]
[SourceDate "1999.07.01"]
[SourceVersion "1"]
[SourceVersionDate "1999.07.01"]
[SourceQuality "1"]

1. Nf3 Nf6 2. g3 g6 3. b3 d5 4. c4 ({RR} 4. Bb2 c5 5. c4 d4 6. b4 a5 7. bxc5 Nc6 8. d3 e5 9. Bg2 Bxc5 10. O-O O-O 11. Na3 Re8 12. Nb5 Bf5 13. Nh4 Be6 14. Bc1 Kg7 15. Bd2 Nd7 16. Qc1 Be7 17. Nf3 f6 18. Nh4 Rc8 {Sethuraman,S (2644)-Adhiban,B (2660) Tornelo INT 2021 ½-½ (33)}) 4... d4 5. Bg2 ({RR} 5. b4 c5 6. b5 Bg7 7. d3 O-O 8. Bg2 a6 9. a4 b6 10. Ne5 Ra7 11. O-O Ng4 12. Nc6 Nxc6 13. bxc6 Qc7 14. Na3 Ne5 15. Bf4 g5 16. Bxe5 Bxe5 17. Qd2 h6 18. Rfb1 Qd8 19. Rb3 Bc7 {Pantsulaia,L (2538)-Turski,B (2369) Eforie Nord ROU 2025 0-1 (34)}) ({RR} 5. b4 Bg7 6. d3 c5 7. bxc5 Nc6 8. Bg2 O-O 9. O-O h6 10. Nbd2 e5 11. Rb1 Re8 12. Ne1 Qc7 13. Qb3 Nd8 14. Nc2 Ne6 15. Ba3 Nxc5 16. Qb5 Ncd7 17. Nb3 Rb8 18. c5 Nf8 19. Nb4 Bd7 {Rukavina,J (2465)-Tukmakov,V (2580) Bor 1983 ½-½ (32)}) 5... Bg7 6. d3 c5 $146 ({RR} 6... O-O 7. b4 c5 8. a3 Nbd7 9. O-O Qc7 10. Ra2 e5 11. e3 a5 12. exd4 cxd4 13. Re2 axb4 14. axb4 Ra6 15. Rfe1 Re6 16. Na3 b6 17. Nb5 Qb8 18. Nfxd4 Bb7 19. Nxe6 fxe6 20. Bxb7 Qxb7 21. d4 {Gholami,A (2507)-Ivic,V (2583) Ankara 2022 1-0}) ({RR} 6... O-O 7. O-O c5 8. Na3 Nc6 9. Nc2 e5 10. Rb1 Re8 11. b4 e4 12. Nfe1 exd3 13. exd3 Bg4 14. f3 Bc8 15. bxc5 Nd7 16. Ba3 h5 17. Nb4 Nxb4 18. Bxb4 Ne5 19. Bd2 Qc7 20. Bf4 Qxc5 21. Rb5 {Vadasz,L-Mednis,E Sombor 1974 ½-½ (34)}) 7. b4 cxb4 8. a3 bxa3 9. O-O O-O 10. Bxa3 Nc6 11. Nbd2 h6 12. Qa4 Qc7 13. Rfb1 Bd7 14. Ne1 h5 15. Nef3 Bh6 16. Qc2 Rfe8 17. Nb3 e5 18. Nc5 Nd8 19. Nd2 Bc6 20. Nde4 Nh7 21. Nb3 Bxe4 22. Bxe4 Nf6 23. Bg2 Bf8 24. Bxf8 Kxf8 25. Na5 e4 26. Qb2 Re5 27. Nb3 h4 28. Nxd4 hxg3 29. hxg3 Qe7 30. Qa3 a6 31. Nb3 exd3 32. exd3 Rc8 33. Na5 b5 34. d4 Qxa3 35. Rxa3 Re7 36. c5 Rd7 37. Nb3 Ne6 38. Rxa6 Kg7 39. Bh3 Re8 40. Bxe6 Rxe6 41. Rxe6 fxe6 42. c6 Rc7 43. Na5 Nd5 44. Rxb5 Kf6 45. Kg2 Kf5 46. Kf3 g5 47. g4+ Kf6 48. Rc5 Rh7 49. Nc4 Nf4 50. c7 Rh3+ 51. Ke4 Nd3 52. f3 1-0